| 000 | 00673nam a2200217 a 4500 | ||
|---|---|---|---|
| 001 | 000016292 | ||
| 005 | 20200929164345.0 | ||
| 008 | 100303s1984 dr 000 0 spa d | ||
| 040 |
_aDO-SdBNP _bspa _cBNPHU |
||
| 082 |
_a460.7 _bE77d |
||
| 245 | 0 | 3 |
_aEl español al día / _cOrlando Alba...[et al.]; prólogo Ricardo Miniño Gómez. |
| 260 |
_aSanto Domingo : _bUCMM, _c1984. |
||
| 300 |
_a253 p. ; _c22 cm. |
||
| 490 | 1 | _aTextos | |
| 650 | 4 |
_aEspañol _xEnseñanza _9406 |
|
| 650 | 4 |
_aEspañol _xEnsayos, conferencias, etc _936381 |
|
| 700 | 1 |
_aAlba, Orlando _eed. _916502 |
|
| 700 | 1 |
_aMiniño Gómez, Ricardo _epról. _918851 |
|
| 830 | 0 |
_aTextos _914460 |
|
| 049 | _aBNPD | ||
| 999 |
_c15827 _d15827 |
||